000 01159nam a22003977a 4500
001 BR2018001010
003 BR-BrBNA
005 20230928105243.0
007 ta
008 230509b bl.||||| |||| 00| 0 por d
040 _aBR-BrBNA
_bpor
_cBiblioteca Nacional de Agricultura
041 _a(Por)
072 _aF01; J11
_b1190
090 _ 1190 BR2018001010
100 1 _aLederman, I.E.
100 1 _aSilva Júnior, J.F.
100 1 _aBezerra, J.E.F.
100 1 _aEspíndola, A.C. de M.
110 1 _aFundação de Estudos e Pesquisas em Agronomia, Medicina Veterinária e Zootecnia, Jaboticabal, SP (Brasil)
245 1 _aMangaba (hancornia speciosas Gomes)
260 3 _aJaboticabal, SP (Brasil):
_c2000.
300 _a35 p.
500 _a9 illus.; 8 tables; 45 ref.
650 _aMANGABA
650 _aHANCORNIA SPECIOSA
650 _aCOMPOSIÇÃO DE ALIMENTO
650 _aPROPAGAÇÃO VEGETATIVA
650 _aPLANTIO
650 _aADUBAÇÃO
650 _aPRAGA DE PLANTA
650 _aDOENÇA DE PLANTA
650 _aCOLHEITA
650 _aINDUSTRIALIZAÇÃO
909 _a202309
_bLucia
_c55
_dLucia Elande
942 _cBK
999 _c84295
_d84295